Spell the Marvel Hero #138 - Statistics

General Stats
  • This quiz has been taken 16 times
  • The average score is 9 of 14
Answer Stats
Picture Answer % Correct
Hulk
100%
Emma Frost
92%
Angel
83%
Captain Britain
83%
Rogue
83%
Energizer
58%
Spider-Man India
58%
Lady Fantomex
50%
Mimic
50%
Rachel Summers
50%
Red She-Hulk
50%
Union Jack
50%
M (Monet St. Croix)
42%
Sersi
42%
No matching quizzes found
Score Distribution
Percent of People with Each Score
Percentile by Number Answered
Your Score History
You have not taken this quiz